Central Library OPAC University of Rajshahi

Proceedings of the Regional Technical Conference on Flood Control in Asia and the Far East / (Record no. 73432)

MARC details
000 -LEADER
fixed length control field 01029nas a2200265 a 4500
001 - CONTROL NUMBER
control field 73432
003 - CONTROL NUMBER IDENTIFIER
rucl marc code BD-RjUL
005 - DATE AND TIME OF LATEST TRANSACTION
control field 20211209082408.0
008 - FIXED-LENGTH DATA ELEMENTS--GENERAL INFORMATION
fixed length control field 170531d1952 th x i1 a0eng d
035 ## - SYSTEM CONTROL NUMBER
System control number (BD-RjUL)73650
040 ## - CATALOGING SOURCE
Original cataloging agency KLG
Transcribing agency KLG
Modifying agency BD-RjUL
Language of cataloging eng
041 ## - LANGUAGE CODE
Language code of text/sound track or separate title eng
082 ## - DEWEY DECIMAL CLASSIFICATION NUMBER
Edition number 23
Classification number 627.4
Author mark and year UNP 1952
090 ## - LOCALLY ASSIGNED LC-TYPE CALL NUMBER (OCLC); LOCAL CALL NUMBER (OCLC)
Classification number (OCLC) (R) ; Classification number, CALL (RLIN) (NR) TC405
Local cutter number (OCLC) ; Book number/undivided call number, CALL (RLIN) .U58 no.3
099 ## - LOCAL FREE-TEXT CALL NUMBER (OCLC)
Bangla Class number TC405.U58 no.3
110 2# - MAIN ENTRY--CORPORATE NAME
Corporate name or jurisdiction name as entry element United Nations. Economic Commission for Asia and the Far East
9 (RLIN) 217214
245 10 - TITLE STATEMENT
Title Proceedings of the Regional Technical Conference on Flood Control in Asia and the Far East /
Statement of responsibility, etc. United Nations. Economic Commission for Asia and the Far East
260 ## - PUBLICATION, DISTRIBUTION, ETC. (IMPRINT)
Place of publication, distribution, etc. Bangkok :
Name of publisher, distributor, etc. United Nations, Economic Commission for Asia and the Far East,
Date of publication, distribution, etc. 1952.
300 ## - PHYSICAL DESCRIPTION
Pagination 320 p. :
Illustrations ill, ;
Size 28 cm.
650 #0 - SUBJECT ADDED ENTRY--TOPICAL TERM
Topical term or geographic name as entry element Flood control
9 (RLIN) 217211
Topical term or geographic name as entry element Water resources development
Geographic subdivision Asia
Form subdivision Congresses.
9 (RLIN) 134466
Topical term or geographic name as entry element Water resources development
Geographic subdivision East Asia
Form subdivision Congresses.
9 (RLIN) 217212
Topical term or geographic name as entry element Flood control
Geographic subdivision Asia
Form subdivision Congresses.
9 (RLIN) 217213
942 ## - ADDED ENTRY ELEMENTS (KOHA)
Source of classification or shelving scheme Dewey Decimal Classification
Koha item type Books
Holdings
Lost status Source of classification or shelving scheme Damaged status Not for loan Collection code Permanent Location Current Location Shelving location Date acquired Source of acquisition Cost, normal purchase price Total Checkouts Full call number Date last seen Copy number Koha item type
  Dewey Decimal Classification   Not For Loan Non-fiction Central Library, University of Rajshahi Central Library, University of Rajshahi Reading Room 14/12/1970 Swets and Zeitlinger 28.00   627.4 UNP 1952 31/05/2017 C-1 Books